Countries South Park has Visited - Statistics

General Stats
  • This quiz has been taken 66 times
  • The average score is 9 of 15
Answer Stats
Continent Country % Correct
North America Canada
96%
Asia China
92%
North America Mexico
82%
North America United States of America
76%
Europe United Kingdom
74%
Asia India
62%
South America Peru
62%
Asia Afghanistan
58%
Asia Iraq
52%
Asia Israel
46%
Africa Ethiopia
42%
Africa Somalia
40%
North America Costa Rica
38%
Europe Switzerland
28%
Europe Romania
20%
No matching quizzes found
Score Distribution
Percent of People with Each Score
Percentile by Number Answered
Your Score History
You have not taken this quiz